| 000 | 00504nam a22001817a 4500 | ||
|---|---|---|---|
| 999 |
_c525302 _d525302 |
||
| 003 | NUST | ||
| 038 | _awaseem | ||
| 082 |
_a158.1 _bTRA |
||
| 100 |
_aTracy, Brian _916036 |
||
| 245 |
_aChange Your Thinking Change Your Life / _cBrian Tracy |
||
| 260 |
_aLahore : _bBook Home, _c2006. |
||
| 300 | _a224 p. ; | ||
| 500 | _aHardcover. | ||
| 710 |
_aMalik Ashfaq _916037 |
||
| 880 |
_6100-01\r _aبرائن ٹریسی |
||
| 880 |
_6245-02\r _aجیسے خیالات ویسی زندگی / |
||
| 942 |
_2ddc _cBK |
||